Human rights and civil liberties (Record no. 131283)
[ view plain ]
| 000 -LEADER | |
|---|---|
| fixed length control field | 01812nam a2200361 a 4500 |
| 082 04 - DEWEY DECIMAL CLASSIFICATION NUMBER | |
| Classification number | 323.0944 |
| -- | 323.40994 |
| 245 00 - TITLE STATEMENT | |
| Title | Human rights and civil liberties |
| 260 ## - PUBLICATION, DISTRIBUTION, ETC. (IMPRINT) | |
| Place of publication | Thirroul, N.S.W. : |
| Name of publisher | Spinney Press, |
| Year of publication | c2011. |
| 300 ## - PHYSICAL DESCRIPTION | |
| Number of Pages | 60 p. : |
| Other physical details | col. ill. |
| 490 1# - SERIES STATEMENT | |
| Series statement | Issues in society ; |
| 520 ## - SUMMARY, ETC. | |
| Summary, etc | Protecting and promoting human rights requires balancing the interests of individuals and groups with the interests of society including security, public health and public order. This book examines Australia's human rights record and a range of options in the debate over adequate and appropriate human rights protection. This book presents the topic in three chapters: Human rights in Australia; Arguments for a bill of rights; and Arguments against a bill of rights. |
| 650 #0 - SUBJECT ADDED ENTRY--TOPICAL TERM | |
| Topical Term | Human rights |
| Topical Term | Civil rights |
| 700 1# - ADDED ENTRY--PERSONAL NAME | |
| Personal name | Healey, Justin. |
| 856 40 - ELECTRONIC LOCATION AND ACCESS | |
| Uniform Resource Identifier | http://site.ebrary.com/lib/rucke/Doc?id=10500233 |
No items available.
